Price Tag - Jessie J ft. B.o.B. (All Lyrics) - Statistics

General Stats
  • This quiz has been taken 1,339 times
  • The average score is 282 of 412
Answer Stats
Lyrics % Correct
a
99%
I
99%
I,
99%
price,
99%
price
99%
the
98%
cha-ching,
96%
cha-ching.
96%
cha-ching
96%
b-bling
94%
b-bling.
94%
b-bling,
94%
for
94%
tag.
94%
tag
94%
about
93%
money,
93%
money.
93%
Money
93%
you
92%
We
91%
we
91%
do
90%
it
90%
every
89%
just
89%
Just
89%
world
87%
don't
86%
everybody
86%
Everybody
86%
everybody's
86%
to
86%
Forget
85%
forget
85%
and
84%
And
84%
got
83%
Got
83%
need
83%
not
83%
your
83%
It's
82%
make
82%
at
79%
dance.
79%
right.
79%
right
79%
wanna
79%
Wanna
79%
When
79%
when
79%
left,
78%
left.
78%
night.
78%
how
76%
look
76%
so
76%
So
76%
they
76%
sleep
75%
Can
74%
can,
74%
can
74%
like
74%
see
74%
wonder
74%
is
72%
smile.
70%
that
70%
that,
70%
love
69%
minute
69%
Seems
69%
stop
69%
second,
68%
comes
67%
feel
67%
tonight.
67%
Why
67%
first
66%
We're
64%
yeah.
64%
Yeah,
64%
yeah,
64%
Ain't
63%
ain't
63%
time.
63%
time,
63%
truth
62%
with
62%
in
61%
on
59%
serious,
59%
all
57%
can't
55%
mysterious.
54%
damn
52%
acting
51%
have
51%
sale
51%
us
50%
back
49%
back.
49%
their
49%
good
46%
take
46%
even
41%
music
40%
paying
40%
buy
39%
eyes
39%
happiness.
38%
high
38%
unite.
38%
made
37%
heels
34%
now.
34%
shades
34%
be
33%
video
33%
obsessed?
32%
Am
30%
one
30%
down
29%
wasn't
29%
only
28%
me
27%
getting
26%
tired?
26%
enjoy
25%
hoes.
25%
slow
25%
alright.
23%
we'll
21%
We'll
21%
I'm
20%
feeling
19%
blows
18%
cash
17%
low
17%
this
17%
are
16%
everyone
16%
Guarantee
16%
keep
13%
give
12%
six
12%
gonna
11%
then
11%
what,
11%
guitars.
10%
man,
10%
Mars.
10%
of
10%
strings
10%
cars.
9%
keys
9%
leaping
9%
leaving
9%
life.
9%
put
9%
Leave
8%
seconds
8%
sing.
8%
thirty
8%
fight
7%
garage.
7%
half
7%
never.
7%
beat
6%
sacrifice
6%
stack.
6%
yes,
6%
bring
5%
feet.
4%
these
4%
fall,
3%
guess
3%
across
2%
defeat.
2%
moving
2%
odds.
2%
stumble
2%
undefeatable
2%
sign
1%
Waiting
1%
No matching quizzes found
Score Distribution
Percent of People with Each Score
Percentile by Number Answered
Your Score History
You have not taken this quiz